[Event "GER GM08-B email"]
[Site "GER email"]
[Date "2019.06.19"]
[Round "?"]
[White "Delizia, Costantino"]
[Black "Habermehl, Tobias"]
[Result "1/2-1/2"]
[WhiteElo "2501"]
[BlackElo "2502"]
[PlyCount "111"]
[EventDate "2019.??.??"]
[EventType "tourn (corr)"]
[EventRounds "13"]
[EventCountry "GER"]
[SourceTitle "Corr 2022"]
[Source "ChessBase"]
[SourceDate "2021.10.24"]
[SourceVersion "1"]
[SourceVersionDate "2021.10.24"]
[SourceQuality "1"]

1. d4 Nf6 2. c4 g6 3. Nc3 Bg7 4. e4 d6 5. Nf3 0-0 6. Be2 e5 7. 0-0 Nc6 8. d5 Ne7 9. b4 Nh5 10. Re1 f5 11. a4 Nf6 12. a5 Nxe4 13. Nxe4 fxe4 14. Ng5 e3 15. Bxe3 Nf5 16. Bd2 Bh6 17. Qc1 Nd4 18. Bd1 Rb8 19. Ra3 b5 20. cxb5 Rxb5 21. Nf3 Bxd2 22. Qxd2 Nxf3+ 23. Bxf3 Bd7 24. Ra2 Rf4 25. Re4 Rxe4 26. Bxe4 Qh4 27. f3 Bf5 28. Rc2 Bxe4 29. Rc4 a6 30. h3 Kf8 31. Rxe4 Qf6 32. Qc3 Qf7 33. Qc6 Rxd5 34. Qxa6 Rd1+ 35. Kh2 d5 36. Qe2 Rb1 37. Rxe5 Qf4+ 38. g3 Qxb4 39. Re8+ Kg7 40. Qe5+ Kh6 41. h4 Qb2+ 42. Kh3 Qxe5 43. Rxe5 Rb3 44. Kg2 Rb2+ 45. Kf1 d4 46. Re7 c5 47. Rc7 d3 48. Ke1 Rc2 49. a6 c4 50. a7 Re2+ 51. Kf1 Ra2 52. Rxc4 Rxa7 53. Rd4 Ra1+ 54. Kf2 Ra2+ 55. Ke3 Rg2 56. Kf4 1/2-1/2

[Event "GER GM08-B email"]
[Site "GER email"]
[Date "2019.06.19"]
[Round "?"]
[White "Delizia, Costantino"]
[Black "Tashkov, Rumen"]
[Result "1-0"]
[WhiteElo "2501"]
[BlackElo "2511"]
[PlyCount "87"]
[EventDate "2019.??.??"]
[EventType "tourn (corr)"]
[EventRounds "13"]
[EventCountry "GER"]
[SourceTitle "Corr 2022"]
[Source "ChessBase"]
[SourceDate "2021.10.24"]
[SourceVersion "1"]
[SourceVersionDate "2021.10.24"]
[SourceQuality "1"]

1. Nf3 Nf6 2. c4 g6 3. Nc3 Bg7 4. e4 d6 5. d4 0-0 6. Be2 e5 7. 0-0 Na6 8. Be3 c6 9. d5 Ng4 10. Bg5 f6 11. Bh4 c5 12. a3 h5 13. h3 Nh6 14. Bg3 Bd7 15. Nh4 Be8 16. Kh1 Nb8 17. Qd2 Nd7 18. f4 exf4 19. Bxf4 g5 20. Be3 Ne5 21. Nf5 Bg6 22. Rf2 Qd7 23. Qc2 Rae8 24. Bd2 Kh7 25. Raf1 a6 26. Kg1 b6 27. b3 Rg8 28. Ng3 h4 29. Nh5 Bxh5 30. Bxh5 Rb8 31. Nd1 Qe7 32. Ne3 Kh8 33. Nf5 Nxf5 34. Rxf5 Rbf8 35. Bc3 Bh6 36. Bxe5 dxe5 37. Qd3 Qd6 38. Qf3 Kg7 39. Bg4 Kg6 40. Qd1 Rh8 41. R5f2 Bg7 42. Bf5+ Kf7 43. Be6+ Ke7 44. b4 1-0